000 00687nam a2200229 i 4500
001 C2-0319057
003 PPAK
005 20180728114846.0
008 121017s2011 my a|||| ||||| | may d
020 _a9789830687162
040 _aPPAK
_beng
_cPPAK
_erda
082 0 4 _a513.076
_223
090 0 0 _a513.076
_bMAR
_dK
245 0 0 _aMari belajar matematik bersama Upin & Ipin 1
264 1 _aKuala Lumpur :
_bInstitut Terjemahan Negara Malaysia ,
_c2011
300 _a32 pages :
_bcolour illustrations ;
_c22 cm
336 _2rdacontent
_atext
337 _2rdamedia
_aunmediated
338 _2rdacarrier
_avolume
650 1 0 _aArithmetic - Problems, exercises, etc.
942 _ddc
_cB
999 _c119932
_d119932